000 00561nam a22001937a 4500
003 OSt
005 20251030055945.0
008 251030b |||||||| |||| 00| 0 eng d
020 _a0-02-643216-1.
040 _aDWCL-Main lib
_cOC
082 _aCirc. 613.2 D988n 2000
100 _aRoberta L. Duyff
245 _aNutrition and wellness
_cRoberta L. Duyff
260 _aN. Y. :
_bGlencoe/McGraw-Hill,
_cc2000.
300 _a576 pages :
_bcolored illustration ;
_c26 cm.
504 _aIncludes index.
650 _21. Nutrition.
942 _2ddc
_cBK-CIRC
_kCirc.
_n0
999 _c5335
_d5335